000 nam a22 4500
999 _c30030
_d30030
008 190128b xxu||||| |||| 00| 0 eng d
020 _a9780859500920
020 _a0859500926
040 _aMksu
050 _aQA39.2
_b.B67 2015
100 _aBostock, L. (Linda)
245 _aPure mathematics I/
_cL Bostock; S Chandler
260 _aCheltenham, England :
_bNelson Thornes Ltd,
_cc1978.
300 _axiii, 744 p.:
_bill. ;
_c23cm.
500 _aInclude index
650 _aMathematics.
700 _aChandler S.
942 _2lcc
_cBOOKS
_hQA39.2 .B67 1978
_07